Matemáticas financieras : (Registro nro. 23440)

Detalles MARC
000 -Cabecera
Campo de control interno 00423nam a2200169Ia 4500
005 - Fecha y hora del registro
control field 20260414150937.0
008 - Elementos de Longitud Fija
fixed length control field 260414t2000||||xx |||||||||||||| ||spa||
041 ## - Idioma
Codigo Idioma ESP
082 ## - DEWEY y NOTACIÓN INTERNA
Dewey 650.01513
Notación Interna G22
100 ## - AUTOR
Autor denominación García, Jaime A.
Término de relación autor
245 #0 - TÍTULO DE MATERIAL BIBLIOGRÁFICO
Título Matemáticas financieras :
Título paralelo con ecuaciones de diferencia finita
260 ## - CIUDAD, EDITORIAL, AÑO
Año 2000
650 ## - TEMAS
Temas Generalidades
654 ## - PROGRAMAS
Programa Dpto. de Contabilidad
942 ## - ELEMENTOS DE KOHA
Tipo de documento Libro
Nombre del creador Justo Noguera
Código de catalogador Justo Noguera
Esquema de clasificación Dewey Decimal Classification
Suppress in OPAC
Existencias
Codigo completo Registro Colección Copia número Disponibilidad Tipo de préstamo Biblioteca Actual Procedencia (Biblioteca) Ubicacón Fecha Ingreso Tipo de Adquisición Date last seen Total checkouts Price effective from Tipo de Item Estado del Material Damaged status Withdrawn status
650.01513 G22 U0003691 Universidad Católica San Pablo 1 Disponible Disponible Víctor Andrés Belaunde Víctor Andrés Belaunde Segundo piso 14/04/2026 Compra 14/04/2026   14/04/2026 Libro Bueno